| 000 | 00619nam a2200169Ia 4500 | ||
|---|---|---|---|
| 008 | 230917s9999||||xx |||||||||||||| ||und|| | ||
| 020 | _cRS 895.00 | ||
| 040 |
_e5016894 _aMAIN |
||
| 041 | _aEnglish | ||
| 082 | _a891.4317109 CS396M | ||
| 100 | _aचतुर्बेदी, सन्तोष कुमार, सम्पा. | ||
| 245 | 0 | _aमुक्तिबोध: विमर्श और पुन: पाठ | |
| 260 |
_aप्रयागराज _bलोकभारती प्रकाशन _c2022 |
||
| 300 | _a327 p. | ||
| 500 | _a4976 03/01/2023 RAJ23/10417 18/01/2023 Main Budget | ||
| 942 | _cBK | ||
| 999 |
_c8245 _d8245 |
||